[Event "POL-chT4 Slaskie"]
[Site "Poland"]
[Date "2008.02.24"]
[Round "4.19"]
[White "Karnowka, Jan"]
[Black "Bloch, Pawel"]
[Result "1/2-1/2"]
[WhiteElo "2078"]
[BlackElo "2068"]
[PlyCount "45"]
[EventDate "2008.02.10"]
[EventType "team-swiss"]
[EventRounds "9"]
[EventCountry "POL"]
[SourceTitle "EXT 2019"]
[Source "ChessBase"]
[SourceDate "2018.10.10"]
[SourceVersion "1"]
[SourceVersionDate "2018.10.10"]
[SourceQuality "1"]

1. c4 e6 2. Nc3 d5 3. d4 Nf6 4. g3 b6 5. Bg2 Bb7 6. Nf3 dxc4 7. 0-0 Nbd7 8. Qa4 Be7 9. Bf4 0-0 10. Rac1 Nd5 11. Qxc4 Nxf4 12. gxf4 c5 13. dxc5 Rc8 14. b4 bxc5 15. b5 Nb6 16. Qb3 c4 17. Qc2 Bf6 18. Rfd1 Qc7 19. e3 Qc5 20. Ng5 Bxg5 21. Bxb7 Rc7 22. Be4 f5 23. Bg2 1/2-1/2

[Event "POL-chT3 Liga Slaska"]
[Site "Poland"]
[Date "2007.02.11"]
[Round "4"]
[White "Karnowka, Jan"]
[Black "Miszczak, Dariusz"]
[Result "0-1"]
[WhiteElo "2079"]
[BlackElo "2107"]
[PlyCount "80"]
[EventDate "2007.01.28"]
[EventType "team-swiss"]
[EventRounds "9"]
[EventCountry "POL"]
[SourceTitle "EXT 2011"]
[Source "ChessBase"]
[SourceDate "2010.11.26"]
[SourceVersion "1"]
[SourceVersionDate "2010.11.26"]
[SourceQuality "1"]
[WhiteTeam "Gory Strzybniczanka Tarnowskie"]
[BlackTeam "Niedobczyce Rymer"]
[WhiteTeamCountry "POL"]
[BlackTeamCountry "POL"]

1. c4 e5 2. Nc3 Nf6 3. Nf3 Nc6 4. g3 Bb4 5. Bg2 0-0 6. 0-0 Re8 7. Nd5 Bf8 8. d3 h6 9. Ne1 Nb4 10. Nxb4 Bxb4 11. Nc2 Bf8 12. Ne3 c6 13. d4 exd4 14. Qxd4 Qb6 15. Qxb6 axb6 16. Rd1 Bc5 17. Kf1 Ne4 18. a4 Nd6 19. b3 b5 20. Ba3 b4 21. Bc1 b5 22. cxb5 Nxb5 23. Bb2 Nc3 24. Bxc3 bxc3 25. Rac1 Rb8 26. Rxc3 Bb4 27. Rc2 Ba3 28. Rd3 g6 29. Bf3 Kg7 30. Nc4 Bb4 31. e4 f5 32. exf5 d5 33. Ne3 Ba6 34. Be2 Bxd3 35. Bxd3 d4 36. Nc4 Bc3 37. fxg6 Rxb3 38. f4 Bb4 39. Nb2 Ba3 40. Rxc6 Rxb2 0-1

[Event "POL-chT3 Liga Slaska"]
[Site "Poland"]
[Date "2007.01.28"]
[Round "1"]
[White "Karnowka, Jan"]
[Black "Szczyrba, Daniel"]
[Result "1-0"]
[WhiteElo "2079"]
[BlackElo "2181"]
[PlyCount "63"]
[EventDate "2007.01.28"]
[EventType "team-swiss"]
[EventRounds "9"]
[EventCountry "POL"]
[SourceTitle "EXT 2011"]
[Source "ChessBase"]
[SourceDate "2010.11.26"]
[SourceVersion "1"]
[SourceVersionDate "2010.11.26"]
[SourceQuality "1"]
[WhiteTeam "Gory Strzybniczanka Tarnowskie"]
[BlackTeam "Mikolow AKS"]
[WhiteTeamCountry "POL"]
[BlackTeamCountry "POL"]

1. c4 Nf6 2. Nc3 e5 3. Nf3 Nc6 4. g3 Bc5 5. Bg2 0-0 6. 0-0 Re8 7. d3 h6 8. a3 a5 9. b3 d6 10. Bb2 Bg4 11. h3 Be6 12. Nd2 d5 13. cxd5 Nxd5 14. Nf3 Nxc3 15. Bxc3 Qd6 16. Bb2 e4 17. Ne1 Nd4 18. b4 Bb6 19. e3 Nb3 20. Rb1 axb4 21. axb4 Qxb4 22. Bxe4 Qd2 23. Qh5 Ra5 24. Qh4 Ra2 25. Nf3 Qa5 26. Bxb7 Rf8 27. d4 Bf5 28. e4 Bh7 29. Qg4 f5 30. Qh4 fxe4 31. Bxe4 Bxe4 32. Qxe4 1-0